[Event "3rd ACT"]
[Site "Amsterdam NED"]
[Date "2006.07.18"]
[Round "4"]
[White "Eggleston,D"]
[Black "Schaefer,Mark"]
[Result "0-1"]
[WhiteElo "2232"]
[BlackElo "2354"]
[EventDate "2006.07.15"]

1. d4 Nf6 2. c4 g6 3. Nc3 Bg7 4. e4 d6 5. Bd3 e5 6. d5 c6 7. Nge2 Na6 8.
O-O O-O 9. a3 cxd5 10. cxd5 Nc5 11. Bc2 a5 12. f3 Bd7 13. Be3 Rc8 14. b4
axb4 15. axb4 Na6 16. Rb1 Nh5 17. Na4 Nf4 18. Nb6 Bb5 19. Rf2 Nxe2+ 20.
Rxe2 Rc3 21. Na4 Bxa4 22. Bxa4 Rxe3 23. Rxe3 Qb6 24. Qe1 Bh6 25. Rbb3 Rc8
26. Kh1 Bxe3 27. Rxe3 Qd4 28. h3 Nxb4 29. Ra3 Nd3 30. Qh4 Rc1+ 31. Kh2 Qg1+
32. Kg3 Qf2+ 33. Kg4 h5+ 34. Kg5 f6+ 35. Kxg6 Qxh4 36. Bc2 Qg5+ 0-1

[Event "3rd ACT"]
[Site "Amsterdam NED"]
[Date "2006.07.18"]
[Round "4"]
[White "Schlawin,M"]
[Black "Moll,A"]
[Result "1-0"]
[WhiteElo "2349"]
[BlackElo "2180"]
[EventDate "2006.07.15"]

1. e4 e6 2. d4 d5 3. e5 Bd7 4. Nf3 a6 5. Nbd2 c5 6. c4 dxc4 7. dxc5 Bc6 8.
Bxc4 Bxc5 9. O-O Nd7 10. Qe2 Qc7 11. Re1 Rc8 12. Bd3 Ne7 13. Ne4 Ng6 14.
Neg5 Bxf3 15. Nxf3 Bb4 16. Rd1 Ndxe5 17. Nxe5 Qxe5 18. Qg4 Bd6 19. g3 Rd8
20. Qf3 Rd7 21. Bxg6 hxg6 22. Bf4 Qf5 23. Qc3 Qc5 24. Rxd6 1-0

[Event "3rd ACT"]
[Site "Amsterdam NED"]
[Date "2006.07.18"]
[Round "4"]
[White "Ahlers,B"]
[Black "Van der Elburg,F"]
[Result "0-1"]
[WhiteElo "2185"]
[BlackElo "2348"]
[EventDate "2006.07.15"]

1. d4 f5 2. Nf3 Nf6 3. g3 g6 4. Bg2 Bg7 5. O-O d6 6. c4 O-O 7. Nc3 c6 8. d5
Bd7 9. Nd4 Qe8 10. Qb3 Na6 11. Qxb7 Nc5 12. Qc7 Rc8 13. Qa5 Nxd5 14. cxd5
Bxd4 15. Bh6 Rf7 16. Rfd1 Bxc3 17. Qxc3 cxd5 18. Bxd5 e6 19. Bg2 Bc6 20.
Bxc6 Rxc6 21. Qd4 Rfc7 22. Rac1 Qf7 23. b4 e5 24. Qh4 Nb7 25. Rxc6 Rxc6 26.
b5 Rc4 27. Qg5 Qe6 28. Qe3 Rc5 29. a4 Kf7 30. Qd3 d5 31. a5 Nxa5 32. Qa3
Qb6 33. Rxd5 Rxd5 34. Qf8+ Ke6 35. Qe8+ Kd6 36. Kg2 Kc7 37. Qf7+ Rd7 0-1

[Event "3rd ACT"]
[Site "Amsterdam NED"]
[Date "2006.07.18"]
[Round "4"]
[White "Bezemer,A"]
[Black "De Saegher,C"]
[Result "1/2-1/2"]
[WhiteElo "2346"]
[BlackElo "2203"]
[EventDate "2006.07.15"]

1. e4 c6 2. Nf3 d5 3. exd5 cxd5 4. Ne5 Nf6 5. d4 g6 6. Bb5+ Nbd7 7. O-O Bg7
8. Qe2 O-O 9. Nd2 Nxe5 10. dxe5 Nd7 11. Nf3 a6 12. Bd3 Nc5 13. Bf4 Bg4 14.
h3 Bxf3 15. Qxf3 Nxd3 16. Qxd3 Rc8 17. Rfe1 e6 18. Qb3 1/2-1/2

[Event "3rd ACT"]
[Site "Amsterdam NED"]
[Date "2006.07.18"]
[Round "4"]
[White "Bosboom,M"]
[Black "Ouwendijk,V"]
[Result "1-0"]
[WhiteElo "2390"]
[BlackElo "2210"]
[EventDate "2006.07.15"]

1. d4 f5 2. Nf3 e6 3. h4 Nf6 4. h5 b6 5. h6 g6 6. c4 Bb7 7. Nc3 Bb4 8. Bd2
O-O 9. d5 Bc5 10. e3 f4 11. exf4 exd5 12. cxd5 Ng4 13. Bc4 Nxf2 14. d6+ Kh8
15. Qe2 cxd6 16. Nd5 Bd4 17. Nxd4 Re8 18. Qxe8+ Qxe8+ 19. Kxf2 Qe4 20. Bc3
Bxd5 21. Nf5+ Kg8 22. Bxd5+ 1-0

[Event "3rd ACT"]
[Site "Amsterdam NED"]
[Date "2006.07.18"]
[Round "4"]
[White "Van Veen,O"]
[Black "Van Oosterom,C"]
[Result "1-0"]
[WhiteElo "2225"]
[BlackElo "2343"]
[EventDate "2006.07.15"]

1. e4 c5 2. Nf3 d6 3. d4 cxd4 4. Nxd4 Nf6 5. Nc3 a6 6. Qf3 Nbd7 7. Be2 e6
8. g4 Qb6 9. Nb3 Qc7 10. g5 Ne5 11. Qh3 Nfd7 12. f4 Nc4 13. g6 Nf6 14.
gxf7+ Kxf7 15. Rf1 b5 16. e5 dxe5 17. fxe5 Nxe5 18. Bf4 Bd6 19. Qg3 Nc4 20.
Bxc4 Bxf4 21. Rxf4 Qe5+ 22. Be2 1-0

[Event "3rd ACT"]
[Site "Amsterdam NED"]
[Date "2006.07.18"]
[Round "4"]
[White "Walton,A"]
[Black "Ashton,A"]
[Result "0-1"]
[WhiteElo "2222"]
[BlackElo "2329"]
[EventDate "2006.07.15"]

1. d4 d5 2. e3 Nf6 3. Bd3 Nc6 4. f4 Nb4 5. Nf3 Nxd3+ 6. cxd3 Bf5 7. Nc3 e6
8. O-O Be7 9. Qe2 c5 10. dxc5 Bxc5 11. Kh1 O-O 12. e4 dxe4 13. dxe4 Bg4 14.
Be3 Bb4 15. Rfd1 Qa5 16. Bd4 Rfd8 17. a3 Be7 18. Qf2 Qh5 19. Rd2 Bxf3 20.
gxf3 Rd7 21. Rdd1 Rad8 22. Bxa7 Rxd1+ 23. Rxd1 Rxd1+ 24. Nxd1 Nxe4 25. fxe4
Qxd1+ 26. Kg2 Qg4+ 27. Kh1 h5 28. Bd4 Bd6 29. e5 Be7 30. Qe3 Bh4 31. Bc3
Qd1+ 32. Kg2 Qc2+ 33. Kg1 Be7 34. Qf2 Qd1+ 35. Kg2 g6 36. h3 Bf8 37. Qd2
Qb1 38. Qd4 Qc2+ 39. Qf2 Qe4+ 40. Qf3 Qc2+ 41. Qf2 Qf5 42. Bd2 Bh6 43. Be3
b5 44. Qf3 Bf8 45. Qf2 Be7 46. Qf3 Bh4 47. Bd4 Qc2+ 48. Kg1 Be1 49. Bc3
Bxc3 50. bxc3 Qc1+ 51. Kg2 Qxa3 52. Qc6 Qb2+ 53. Kg3 Qe2 54. Qc5 Kg7 55.
Qd4 Qe1+ 56. Kg2 h4 57. Qd3 Kh6 58. Qf3 Qd2+ 59. Kg1 g5 60. fxg5+ Qxg5+ 61.
Kh1 Qxe5 62. Qxf7 Qe1+ 63. Kg2 Qg3+ 64. Kh1 Qxh3+ 65. Kg1 Qf5 66. Qd7 h3
67. Kh2 Qd5 0-1

[Event "3rd ACT"]
[Site "Amsterdam NED"]
[Date "2006.07.18"]
[Round "4"]
[White "Heemskerk,W"]
[Black "Zhang,T"]
[Result "1/2-1/2"]
[WhiteElo "2298"]
[BlackElo "2217"]
[EventDate "2006.07.15"]

1. d4 Nf6 2. Nf3 e6 3. Bf4 b6 4. e3 Bb7 5. Bd3 Be7 6. h3 O-O 7. O-O d5 8.
Nbd2 c5 9. c3 Nc6 10. Qe2 Re8 11. Rad1 Qc8 12. Bg5 a5 13. dxc5 bxc5 14. e4
h6 15. Bh4 a4 16. e5 Nd7 17. Bxe7 Nxe7 18. c4 d4 19. Ne4 Bxe4 20. Qxe4 Nf8
21. Rfe1 Rb8 22. Re2 Qc7 23. h4 Rb6 24. h5 Reb8 25. Rdd2 Nc6 26. Qg4 Nb4
27. Bb1 Qe7 1/2-1/2

[Event "3rd ACT"]
[Site "Amsterdam NED"]
[Date "2006.07.18"]
[Round "4"]
[White "Overeem,M"]
[Black "Bachofner,A"]
[Result "1/2-1/2"]
[WhiteElo "2243"]
[BlackElo "2185"]
[EventDate "2006.07.15"]

1. c4 f5 2. g3 Nf6 3. Bg2 g6 4. d4 Bg7 5. Nc3 d6 6. d5 O-O 7. Nh3 c6 8. O-O
e5 9. dxe6 Bxe6 10. Qb3 Qb6 11. Be3 Qa6 12. Qb4 Bxc4 13. Qxd6 Nbd7 14. Rfd1
Rae8 15. Nf4 Nb6 16. b3 Bf7 17. Rac1 Nc8 18. Qb4 Rd8 19. Bd4 Rfe8 20. e3
Bf8 21. Qa4 Qxa4 22. Nxa4 Ne4 23. Bxe4 Rxe4 24. Bf6 Rxd1+ 25. Rxd1 Be7 26.
Bd4 Bf8 27. Nc5 Bxc5 28. Bxc5 b6 29. Ba3 g5 30. Ne2 c5 31. Nc3 Re6 32. Bb2
Rd6 33. Rxd6 Nxd6 34. Kf1 c4 35. b4 a6 36. f3 h5 37. Ke2 Kf8 38. e4 fxe4
39. fxe4 Nb5 40. Nd1 c3 41. Bxc3 Bxa2 42. Bf6 g4 43. Bd8 Nd4+ 44. Ke3 Nc2+
45. Kf4 Nxb4 46. Bxb6 Ke8 47. Kg5 Bf7 48. Ne3 Kd7 49. Nf5 Nd3 50. Ng7 Ne1
51. Kf6 Bc4 52. e5 Kc6 53. Bf2 Nd3 54. Be3 Nc5 55. e6 Ne4+ 56. Ke5 Nd6 57.
Nxh5 Ne8 58. Bc1 a5 59. Ba3 a4 60. Nf4 Nc7 61. e7 Kd7 62. Ng6 Ke8 63. Kf6
Nb5 64. Bb2 a3 65. Ba1 Nd6 66. Kg5 Be2 67. Ne5 Nf7+ 68. Nxf7 Kxf7 69. Kh4
Kxe7 70. h3 1/2-1/2

[Event "3rd ACT"]
[Site "Amsterdam NED"]
[Date "2006.07.18"]
[Round "4"]
[White "Miedema,R"]
[Black "Wunnink,M"]
[Result "1/2-1/2"]
[WhiteElo "2218"]
[BlackElo "2235"]
[EventDate "2006.07.15"]

1. d4 Nf6 2. c4 e6 3. Nc3 Bb4 4. e3 b6 5. Bd3 Bb7 6. Nf3 O-O 7. O-O d5 8.
Bd2 Bd6 9. Qe2 Ne4 10. Be1 Nd7 11. Nd2 Nxd2 12. Bxd2 dxc4 13. Bxc4 e5 14.
d5 f5 15. Nb5 Nf6 16. Rfd1 Kh8 17. Bc3 Ne4 18. Nxd6 Nxc3 19. Nf7+ Rxf7 20.
bxc3 Qd6 21. a4 a5 22. Bb5 Raf8 23. f3 Qc5 24. c4 Rf6 25. Kh1 Rd6 26. f4 e4
27. Rd4 Rfd8 28. Rad1 c6 29. dxc6 Bxc6 30. h3 Bxb5 31. Rxd6 Rxd6 32. cxb5
Rxd1+ 33. Qxd1 Kg8 34. Qd2 Kf7 35. Kg1 Ke6 36. Kf2 Qd5 37. Qc3 g6 38. Qc8+
Kd6 39. Kg3 Qc5 40. Qd8+ Ke6 41. Qg8+ Kd6 42. Qb3 Qd5 43. Qb2 Qd3 44. Qc1
Qd5 45. Kh4 Qc5 46. Qd2+ Ke6 47. Qa2+ Kf6 48. Qb3 Qc1 49. Kg3 h6 50. Kf2 g5
51. fxg5+ hxg5 52. Qd5 Qc2+ 53. Kg3 Qc7+ 54. Kf2 Qc2+ 55. Kg3 Qc7+ 56. Kf2
Qc2+ 1/2-1/2

[Event "3rd ACT"]
[Site "Amsterdam NED"]
[Date "2006.07.18"]
[Round "4"]
[White "Van Ruitenburg,J"]
[Black "Timman,T"]
[Result "1/2-1/2"]
[WhiteElo "2315"]
[BlackElo "2260"]
[EventDate "2006.07.15"]

1. d4 Nf6 2. Bg5 Ne4 3. Bh4 c5 4. f3 g5 5. fxe4 gxh4 6. e3 Bh6 7. Nd2 d5 8.
Qh5 Bxe3 9. O-O-O cxd4 10. Ngf3 dxe4 11. Bc4 exf3 12. Qxf7+ Kd7 13. Rhe1
Rf8 14. Qg7 Kc7 15. Rxe3 dxe3 16. Nxf3 Bd7 17. Qe5+ Kc8 18. Nd4 Qc7 19.
Qxe7 Re8 20. Qf7 Qe5 21. Ne6 Rxe6 22. Rxd7 Nxd7 23. Bxe6 Qd6 24. Bxd7+ Qxd7
25. Qf8+ Kc7 26. Qc5+ Qc6 27. Qe7+ Kb6 28. Qb4+ Qb5 29. Qd6+ Ka5 30. Qa3+
Kb6 31. Qd6+ Qc6 32. Qb4+ Kc7 33. Qe7+ 1/2-1/2

[Event "3rd ACT"]
[Site "Amsterdam NED"]
[Date "2006.07.18"]
[Round "4"]
[White "Bensdorp,M"]
[Black "De Jong,M"]
[Result "1/2-1/2"]
[WhiteElo "2290"]
[BlackElo "2241"]
[EventDate "2006.07.15"]

1. d4 g6 2. c4 Bg7 3. e4 d6 4. Nc3 Nc6 5. Be3 Nf6 6. f3 O-O 7. Nge2 a6 8.
Qd2 Re8 9. Ng3 Rb8 10. Bd3 e5 11. d5 Nd4 12. O-O c5 13. Rab1 Nd7 14. a3 h5
15. h3 b5 16. cxb5 axb5 17. b4 c4 18. Bc2 Nb6 19. Nge2 Nxc2 20. Qxc2 Bd7
21. f4 Ra8 22. f5 Rxa3 23. Qc1 Ra6 24. fxg6 fxg6 25. Bg5 Re7 26. Qe3 Qe8
27. Ng3 Rf7 28. Rxf7 Qxf7 29. Rf1 Qe8 30. Bh6 Qe7 31. Bg5 Qe8 32. Rf3 Kh7
33. Qf2 Nc8 34. Kh2 Ra3 35. Qd2 Rb3 36. Bf6 Bh6 37. Bg5 Bg7 38. Bf6 Bh6 39.
Bg5 Bf8 40. Qf2 Bg7 41. Qd2 1/2-1/2

[Event "3rd ACT"]
[Site "Amsterdam NED"]
[Date "2006.07.18"]
[Round "4"]
[White "Hofland,L"]
[Black "Bakker,S"]
[Result "1/2-1/2"]
[WhiteElo "2272"]
[BlackElo "2231"]
[EventDate "2006.07.15"]

1. c4 e6 2. g3 Nf6 3. Bg2 d5 4. Nf3 Be7 5. O-O O-O 6. d4 dxc4 7. Qc2 a6 8.
Qxc4 b5 9. Qc2 Bb7 10. Bg5 Nbd7 11. Bxf6 Nxf6 12. Nbd2 Rc8 13. Nb3 Be4 14.
Qc3 Nd5 15. Qc1 c5 16. dxc5 Qc7 17. Qd2 Bxc5 18. Rac1 Qb6 19. Nxc5 Rxc5 20.
Rxc5 Qxc5 21. Rc1 Qb6 22. Qd4 Qxd4 23. Nxd4 Bxg2 24. Kxg2 Rd8 25. Nc6
1/2-1/2

[Event "3rd ACT"]
[Site "Amsterdam NED"]
[Date "2006.07.18"]
[Round "4"]
[White "Van Gool,H"]
[Black "Hartoch,R"]
[Result "1/2-1/2"]
[WhiteElo "2208"]
[BlackElo "2265"]
[EventDate "2006.07.15"]

1. e4 g6 2. d4 Bg7 3. Nf3 d6 4. Bc4 Nf6 5. Qe2 O-O 6. O-O Bg4 7. h3 Bxf3 8.
Qxf3 c6 9. Bb3 Nbd7 10. Re1 Qc7 11. c3 e6 12. Bf4 b5 13. Nd2 e5 14. dxe5
dxe5 15. Be3 c5 16. c4 b4 17. g4 Qc6 18. Bc2 Rfe8 19. Nf1 Nf8 20. Ng3 Ne6
21. Qg2 Nd7 22. Kh1 Nd4 23. Bd3 Nf8 24. Rg1 Nfe6 25. Nf5 Qc7 26. Qg3 Nf4
27. Nxd4 cxd4 28. Bd2 a5 29. Rac1 Bf8 30. c5 Bxc5 31. Rc2 Qe7 32. Rgc1 Bd6
33. Bb5 Red8 34. Kh2 Rab8 35. Bc4 a4 36. b3 a3 37. Bd3 Qb7 38. Bxf4 1/2-1/2

[Event "3rd ACT"]
[Site "Amsterdam NED"]
[Date "2006.07.19"]
[Round "5"]
[White "Hunt,A"]
[Black "Erenburg,S"]
[Result "1/2-1/2"]
[WhiteElo "2457"]
[BlackElo "2585"]
[EventDate "2006.07.15"]

1. e4 e5 2. Nf3 Nc6 3. Bb5 Nf6 4. O-O Nxe4 5. d4 Nd6 6. Bxc6 dxc6 7. dxe5
Nf5 8. Qxd8+ Kxd8 9. Nc3 Ne7 10. Re1 Ng6 11. b3 Bg4 12. Ng5 Ke8 13. Bb2 h6
14. Nge4 Be6 15. Ne2 c5 16. c4 Kd7 17. f4 Kc6 18. h3 Nh4 19. Rf1 h5 20. Ng5
Nf5 21. Kf2 h4 22. Nc3 Be7 23. Nce4 Bxg5 24. Nxg5 a5 25. a4 Kd7 26. Rad1+
Ke7 27. Ne4 b6 28. Nc3 c6 29. Ne4 Rhd8 30. Bc3 g6 31. Rfe1 Rac8 32. Bb2
Rxd1 33. Rxd1 Rd8 34. Rxd8 Kxd8 35. Ng5 Ng7 36. Ke3 Ke7 37. Kd3 Bf5+ 38.
Kc3 Nh5 39. Bc1 Ng3 40. Be3 Be4 41. Nxe4 Nxe4+ 42. Kd3 Ng3 43. Bf2 Nf5 44.
Ke4 Ke6 45. Be1 Kd7 46. Bf2 Ke8 47. Kd3 Ke7 48. Ke4 Kd7 49. Kd3 Ke7 50. Ke4
Ke6 51. Be1 Kd7 1/2-1/2

[Event "3rd ACT"]
[Site "Amsterdam NED"]
[Date "2006.07.19"]
[Round "5"]
[White "Van der Weide,K"]
[Black "Ftacnik,L"]
[Result "1-0"]
[WhiteElo "2446"]
[BlackElo "2579"]
[EventDate "2006.07.15"]

1. e4 c5 2. Nf3 d6 3. d4 cxd4 4. Nxd4 Nf6 5. Nc3 a6 6. Be3 e5 7. Nb3 Be6 8.
f3 h5 9. Qd2 Nbd7 10. O-O-O Rc8 11. Kb1 Be7 12. h3 h4 13. Bd3 Nh5 14. Rhe1
g6 15. Bf1 Qc7 16. Qf2 Kf8 17. Nd5 Bxd5 18. Rxd5 b5 19. Rc1 Nhf6 20. Rdd1
Nc5 21. Qe1 Rb8 22. Qa5 Qc8 23. Nxc5 dxc5 24. f4 Nxe4 25. fxe5 Qe6 26. Bf4
Kg7 27. Be2 Rbd8 28. Qc7 Rhe8 29. Bg4 Qc4 30. e6 Rxd1 31. Rxd1 fxe6 32.
Be5+ Nf6 33. b3 Qe4 34. Rf1 Kh6 35. Bxf6 Bxf6 36. Rxf6 e5 37. Rf1 1-0

[Event "3rd ACT"]
[Site "Amsterdam NED"]
[Date "2006.07.19"]
[Round "5"]
[White "Halkias,S"]
[Black "Michiels,B"]
[Result "1-0"]
[WhiteElo "2551"]
[BlackElo "2455"]
[EventDate "2006.07.15"]

1. d4 d5 2. c4 dxc4 3. Nf3 Nf6 4. Nc3 a6 5. e4 b5 6. e5 Nd5 7. a4 Nxc3 8.
bxc3 Qd5 9. g3 Bb7 10. Bg2 Qd7 11. Ba3 g6 12. h4 Bd5 13. h5 g5 14. O-O e6
15. Bxf8 Kxf8 16. Nxg5 Bxg2 17. Kxg2 Qd5+ 18. Kg1 h6 19. Nh3 Nd7 20. Nf4
Qc6 21. d5 exd5 22. e6 fxe6 23. axb5 Qd6 24. Re1 Rg8 25. Qf3 e5 26. Nxd5+
Kg7 27. Rxa6 Rxa6 28. bxa6 Rf8 29. Qg4+ Kh8 30. Qxc4 Nc5 31. a7 1-0

[Event "3rd ACT"]
[Site "Amsterdam NED"]
[Date "2006.07.19"]
[Round "5"]
[White "Parker,J"]
[Black "Ansell,S"]
[Result "1-0"]
[WhiteElo "2509"]
[BlackElo "2391"]
[EventDate "2006.07.15"]

1. d4 d5 2. c4 c6 3. Nc3 dxc4 4. e4 b5 5. a4 b4 6. Na2 Nf6 7. e5 Nd5 8.
Bxc4 Bf5 9. Bg5 h6 10. Bh4 Qa5 11. b3 e6 12. Ne2 Nd7 13. O-O g5 14. Bg3 h5
15. h4 Be7 16. Bd3 Bg4 17. f3 Ne3 18. Qc1 Nxf1 19. Kxf1 gxh4 20. Bh2 Bf5
21. Bxf5 exf5 22. Qxc6 Rd8 23. Nf4 Qb6 24. Qc4 Rh6 25. Nd5 Qc6 26. Qxc6
Rxc6 27. Nxe7 Kxe7 28. Nxb4 Rcc8 29. d5 Nb8 30. Bf4 Rg8 31. e6 fxe6 32. Re1
h3 33. Bxb8 Rxb8 34. Nc6+ Kd6 35. Nxb8 h2 36. Kf2 Rxb8 37. dxe6 h4 38. e7
Kd7 39. e8=Q+ Rxe8 40. Rh1 Rb8 41. Rxh2 Rxb3 42. Rxh4 a5 43. Rh7+ Kc6 44.
Rf7 Rb4 45. Rxf5 Rxa4 46. g4 Ra2+ 47. Kg3 a4 48. g5 Ra1 49. Kf4 a3 50. Ra5
Kd7 51. Kf5 a2 52. f4 Ke8 53. g6 Ke7 54. Ra7+ Kd6 55. g7 Kd5 1-0

[Event "3rd ACT"]
[Site "Amsterdam NED"]
[Date "2006.07.19"]
[Round "5"]
[White "Stellwagen,D"]
[Black "Gullaksen,E"]
[Result "1-0"]
[WhiteElo "2575"]
[BlackElo "2387"]
[EventDate "2006.07.15"]

1. e4 e5 2. Nf3 Nc6 3. Bb5 a6 4. Ba4 b5 5. Bb3 Nf6 6. O-O Bc5 7. c3 O-O 8.
d4 Bb6 9. Nxe5 Nxe5 10. dxe5 Nxe4 11. Bd5 Nxf2 12. Rxf2 c6 13. Bb3 Bxf2+
14. Kxf2 Qh4+ 15. Kg1 Qe4 16. Nd2 Qxe5 17. Nf3 Qc7 18. Bc2 d5 19. Qd3 g6
20. Qd4 f6 21. Bf4 Qa7 22. Qxa7 Rxa7 23. a4 Rff7 24. Bd6 Rad7 25. Bc5 Rd8
26. Nd4 Bd7 27. Kf2 Re8 28. Bd3 Kg7 29. h3 Kg8 30. b4 Kg7 31. Be2 Kg8 32.
Bf3 Kg7 33. Nb3 h5 34. Bd4 Kh6 35. axb5 axb5 36. Ra6 Rc8 37. Nc5 Be8 38. g4
hxg4 39. Bxg4 f5 40. Bf3 Re7 41. h4 Bf7 42. Nd3 Rec7 43. Be3+ Kg7 44. Kg3
Re7 45. Kf4 Kh6 46. Bc5 Rb7 47. Ne5 Be8 48. Bf8+ Kh7 49. Kg5 Kg8 50. Bc5
Kg7 51. Bd1 Kh7 52. Bc2 Rg7 53. Bf8 Rg8 54. Ra7+ Kh8 55. Be7 Kg7 56. Bd6+
Kh8 57. Kh6 1-0

[Event "3rd ACT"]
[Site "Amsterdam NED"]
[Date "2006.07.19"]
[Round "5"]
[White "Nijboer,F"]
[Black "Schlawin,M"]
[Result "1-0"]
[WhiteElo "2598"]
[BlackElo "2349"]
[EventDate "2006.07.15"]

1. e4 e6 2. d4 d5 3. Nc3 Nf6 4. e5 Nfd7 5. f4 c5 6. Nf3 Qb6 7. Be3 a6 8.
Na4 Qc7 9. Nxc5 Nxc5 10. dxc5 Bxc5 11. Qd2 Bxe3 12. Qxe3 Bd7 13. c3 Bb5 14.
Bxb5+ axb5 15. Nd4 Qb6 16. f5 exf5 17. Nxf5 Qxe3+ 18. Nxe3 Nc6 19. Nxd5
O-O-O 20. O-O-O Rhe8 21. Rd2 Nxe5 22. Rhd1 Kb8 23. b3 Re6 24. Nf4 Rxd2 25.
Rxd2 Rf6 26. Ne2 Ng4 27. Nd4 Nxh2 28. Nxb5 Kc8 29. Nd6+ Kb8 30. Ne8 Rf1+
31. Kb2 g6 32. Rd8+ Ka7 33. a4 Rf2+ 34. Ka3 Rxg2 35. a5 b5 36. Rd7+ Ka6 37.
Nc7+ Kb7 38. Rxf7 g5 39. Nxb5+ Kc6 40. c4 1-0

[Event "3rd ACT"]
[Site "Amsterdam NED"]
[Date "2006.07.19"]
[Round "5"]
[White "Ferguson,M"]
[Black "Tukmakov,V"]
[Result "0-1"]
[WhiteElo "2389"]
[BlackElo "2560"]
[EventDate "2006.07.15"]

1. e4 c5 2. Nf3 d6 3. Bc4 Nf6 4. d3 Nc6 5. c3 g6 6. Bb3 Bg7 7. O-O O-O 8.
h3 b5 9. Re1 a5 10. a3 a4 11. Bc2 Nd7 12. d4 Na5 13. Nbd2 Bb7 14. Nf1 e5
15. Bg5 Qc7 16. dxe5 dxe5 17. Ne3 Nb6 18. Qe2 f6 19. Bh4 c4 20. Bg3 Nb3 21.
Rad1 Qe7 22. Ng4 Rfd8 23. Qe3 Qe6 24. Nh6+ Kh8 25. h4 Nd7 26. h5 Bf8 27.
Nh4 Kg7 28. Bxb3 axb3 29. Kh2 Nc5 30. hxg6 hxg6 31. f3 Rd3 32. Rxd3 Nxd3
33. Ng4 g5 34. Nf5+ Kg6 35. Bf2 Nxb2 36. Kg3 Nd3 37. Rh1 b2 38. Qe2 Rxa3
39. Rb1 Rb3 40. Qd1 Rxc3 41. Qh1 Qg8 42. Rxb2 Nxb2 43. Bc5 Bxe4 44. Ne7+
Bxe7 45. Qh6+ Kf7 46. Bxe7 Qg7 0-1

[Event "3rd ACT"]
[Site "Amsterdam NED"]
[Date "2006.07.19"]
[Round "5"]
[White "Vazquez,R"]
[Black "Szymczak,Z"]
[Result "1/2-1/2"]
[WhiteElo "2517"]
[BlackElo "2288"]
[EventDate "2006.07.15"]

1. d4 d5 2. c4 dxc4 3. Nf3 Nf6 4. e3 e6 5. Bxc4 c5 6. O-O a6 7. dxc5 Bxc5
8. Qxd8+ Kxd8 9. Be2 Nc6 10. Nbd2 Ke7 11. b3 Rd8 12. Bb2 b6 13. Rfd1 Bb7
14. Ne1 Rac8 15. Nd3 Bd6 16. Nc4 Bc7 17. Rac1 Ba8 18. Kf1 b5 19. Nd2 Bd6
20. a4 Rb8 21. Nc5 Bxc5 22. Rxc5 bxa4 23. Ba3 Ke8 24. bxa4 Nb4 25. f3 Nd3
26. Rc2 Nd5 27. Bxd3 Nxe3+ 28. Ke2 Nxc2 29. Bxc2 f5 30. Re1 Bd5 31. Bd3 a5
32. Rc1 Rdc8 33. Bb5+ Kd8 34. Rxc8+ Rxc8 35. Bb2 g6 36. Kd3 Kc7 37. Nc4
Bxc4+ 38. Bxc4 Rd8+ 39. Kc2 Kd6 40. Bc3 Kc5 41. Bb3 Ra8 42. f4 Ra6 43. g3
Ra8 44. Be5 Ra6 45. Kc3 Rc6 46. Bc4 Kb6 47. Kd4 Kb7 48. h4 Ka7 49. Bf6 Kb7
50. Be7 Kc7 51. Bc5 Kb7 52. Bb5 Rc8 53. Bc4 Rc6 54. Be2 Rc8 55. Bf3+ Kc7
56. Ke5 Kd7 57. Bd4 Ke7 58. h5 gxh5 59. Bb2 Rc4 60. Ba3+ Kd7 61. Bd1 Rc3
62. Bf8 Rxg3 63. Bxh5 Re3+ 64. Kf6 Re4 65. Bf7 Rxf4 66. Bxe6+ Ke8 67. Bd6
Rxa4 68. Bxf5 1/2-1/2

[Event "3rd ACT"]
[Site "Amsterdam NED"]
[Date "2006.07.19"]
[Round "5"]
[White "Van der Elburg,F"]
[Black "Cuijpers,F"]
[Result "0-1"]
[WhiteElo "2348"]
[BlackElo "2510"]
[EventDate "2006.07.15"]

1. c4 Nf6 2. g3 e5 3. Bg2 d5 4. cxd5 Nxd5 5. Nf3 Nc6 6. d3 Be7 7. O-O Nb6
8. a3 O-O 9. Nbd2 a5 10. b3 Be6 11. Bb2 f6 12. Qc2 Qd7 13. Rfd1 Rfd8 14.
Nc4 Nxc4 15. bxc4 Bf5 16. Ne1 Rab8 17. e3 Kh8 18. Bc3 b6 19. Qb2 Bf8 20. d4
exd4 21. exd4 Ne7 22. Nc2 Bh3 23. Bh1 Nf5 24. Rd2 Re8 25. Rb1 Nd6 26. Qa2
Ne4 27. Bxe4 Rxe4 28. Ne3 Rbe8 29. Rdd1 Qf7 30. a4 f5 31. Re1 f4 32. Nd5
fxg3 33. hxg3 Qf3 34. Ne3 Rxe3 35. fxe3 Qxg3+ 36. Kh1 Qf3+ 37. Kg1 Qg3+ 38.
Kh1 Bg4 39. Rb2 Rxe3 40. Rxe3 Qxe3 41. Rf2 Bf3+ 42. Kg1 Qc1+ 43. Rf1 Qg5+
0-1

[Event "3rd ACT"]
[Site "Amsterdam NED"]
[Date "2006.07.19"]
[Round "5"]
[White "Van de Oudeweetering,A"]
[Black "De Vreugt,D"]
[Result "1/2-1/2"]
[WhiteElo "2345"]
[BlackElo "2429"]
[EventDate "2006.07.15"]

1. e4 e5 2. Nf3 Nc6 3. Bb5 a6 4. Bxc6 dxc6 5. Nc3 f6 6. d4 exd4 7. Nxd4 c5
8. Nde2 Qxd1+ 9. Nxd1 Be6 10. Bf4 O-O-O 11. Ne3 g5 12. Bg3 Ne7 13. h4 Bg7
14. Rd1 Rde8 15. b3 h6 16. hxg5 hxg5 17. Rxh8 Bxh8 18. f4 gxf4 19. Nxf4 Bf5
20. exf5 Nxf5 21. Bf2 Nxe3 22. Bxe3 Rxe3+ 23. Kf2 Re4 24. Kf3 f5 25. g4 Rd4
26. Rxd4 fxg4+ 27. Kxg4 cxd4 28. a4 Kd7 29. Kf5 Kd6 30. Ke4 c6 31. Nd3 a5
32. Nb2 b5 33. axb5 cxb5 34. Nd3 Bg7 35. Nb2 Kc6 36. Nd3 a4 37. Nb4+ Kd6
38. bxa4 bxa4 39. Kd3 Kc5 40. Na2 a3 41. Nc1 Bf6 42. Na2 Bg5 43. c3 Bf6 44.
cxd4+ Bxd4 45. Kc2 Kc4 46. Nc1 Be3 47. Na2 Bc5 48. Nc1 Bb6 49. Na2 Be3 50.
Nc1 Bxc1 51. Kxc1 Kb3 52. Kb1 1/2-1/2

[Event "3rd ACT"]
[Site "Amsterdam NED"]
[Date "2006.07.19"]
[Round "5"]
[White "Vogel,Ja"]
[Black "Cox,JJ"]
[Result "1/2-1/2"]
[WhiteElo "2246"]
[BlackElo "2418"]
[EventDate "2006.07.15"]

1. Nf3 Nf6 2. g3 d5 3. Bg2 c6 4. b3 Bg4 5. Bb2 Nbd7 6. c4 e6 7. O-O Bd6 8.
d4 O-O 9. Ne5 Bf5 10. Nd2 Qe7 11. f3 Nxe5 12. dxe5 Bc5+ 13. Kh1 Nd7 14.
cxd5 cxd5 15. f4 Rfd8 16. Nf3 Be4 17. Qd2 Bb4 18. Qe3 Rdc8 19. Rfc1 Ba3 20.
Qd2 Bxb2 21. Qxb2 Bxf3 22. Bxf3 Qb4 23. Kg2 Rc6 24. a3 Qb6 25. b4 Rac8 26.
Qd2 Qc7 27. Rxc6 Qxc6 28. Qd3 Nb6 29. Rd1 Qc2 30. Rd2 Qc1 31. Rd1 Qc2 32.
Rd2 Qxd3 33. Rxd3 Rc2 34. Kg1 Nc4 35. e4 Rd2 36. Rc3 b5 37. exd5 exd5 38.
a4 a6 39. axb5 axb5 40. Rc1 g5 41. Rd1 Rxd1+ 42. Bxd1 gxf4 43. gxf4 Kf8 44.
Bf3 Ne3 45. Kf2 Nc2 46. Bxd5 Nxb4 47. Be4 h6 48. Ke3 Na6 49. Bd3 Nc7 50. f5
f6 51. Kd4 1/2-1/2

[Event "3rd ACT"]
[Site "Amsterdam NED"]
[Date "2006.07.19"]
[Round "5"]
[White "Ashton,A"]
[Black "Bosboom,M"]
[Result "1-0"]
[WhiteElo "2329"]
[BlackElo "2390"]
[EventDate "2006.07.15"]

1. e4 c5 2. Nf3 d6 3. d4 cxd4 4. Nxd4 Nf6 5. Nc3 a6 6. Bc4 e6 7. Bb3 Nc6 8.
Be3 h5 9. h3 Qc7 10. Qe2 Na5 11. O-O-O b5 12. Bg5 Be7 13. f4 b4 14. Na4
Nxb3+ 15. axb3 Bb7 16. Bxf6 Bxf6 17. f5 e5 18. Nf3 h4 19. Kb1 Rc8 20. Rhe1
O-O 21. Qf2 d5 22. exd5 Rfd8 23. Nb6 Rb8 24. Nh2 Rd6 25. Nc4 Rxd5 26. Ng4
Bg5 27. f6 e4 28. fxg7 Rxd1+ 29. Rxd1 Qe7 30. Nce3 Rd8 31. Rf1 Qe6 32. Nf5
Rd7 33. Qa7 Qd5 34. Qb8+ Rd8 35. Qf4 Qd2 36. Nfh6+ Bxh6 37. Qxf7+ 1-0

[Event "3rd ACT"]
[Site "Amsterdam NED"]
[Date "2006.07.19"]
[Round "5"]
[White "Schoorl,R"]
[Black "Pruijssers,R"]
[Result "0-1"]
[WhiteElo "2289"]
[BlackElo "2355"]
[EventDate "2006.07.15"]

1. e4 e5 2. Nf3 Nc6 3. Bb5 a6 4. Ba4 Nf6 5. O-O Be7 6. Re1 b5 7. Bb3 d6 8.
c3 O-O 9. h3 Nb8 10. d4 Nbd7 11. Nbd2 Bb7 12. Bc2 Re8 13. Nf1 Bf8 14. Ng3
g6 15. a4 Bg7 16. d5 Qb8 17. b3 c6 18. c4 b4 19. Be3 a5 20. Rc1 Rc8 21. Bd3
Rc7 22. Nh2 Qf8 23. dxc6 Rxc6 24. Bc2 Nc5 25. Qf3 Rc7 26. Ng4 Nfd7 27. Bxc5
Nxc5 28. Nf6+ Bxf6 29. Qxf6 Qd8 30. Qxd8+ Rxd8 31. Rcd1 Kf8 32. f3 Ke7 33.
Rd2 Rf8 34. Kh2 Ne6 35. Ne2 Rd7 36. g4 Rdd8 37. Kg3 Nc5 38. Kg2 f6 39. Ng3
Ne6 40. Ne2 Nc5 41. Ng3 Bc8 42. Rdd1 Be6 43. Nf1 Bc8 44. Ng3 Be6 45. Nf1 h5
46. Ne3 h4 47. Rd2 Bc8 48. Kh2 Bb7 49. Ng2 Rh8 50. f4 Ne6 51. f5 gxf5 52.
exf5 Ng5 53. Bd1 Kf7 54. Ne3 Ne4 55. Rd3 Nc3 56. Be2 Ke7 57. Bf1 d5 58.
cxd5 Bxd5 59. Nxd5+ Rxd5 60. Red1 Nxd1 61. Rxd5 Ne3 62. Rxa5 Nxf1+ 63. Kg2
Nd2 64. Rb5 Nxb3 65. Rxb4 Nc5 66. a5 Rd8 67. Rb5 Rd2+ 68. Kg1 Nd3 69. Rb7+
Kd6 70. Rf7 Nf4 71. a6 Ra2 72. Rxf6+ Kd5 73. Rh6 Nxh3+ 74. Kf1 Ra1+ 75. Ke2
Nf4+ 76. Kd2 h3 77. f6 Ke6 78. g5 h2 79. a7 Rxa7 80. Ke3 Kf5 81. Rxh2 Ra3+
0-1